000 00730nam a22001577a 4500
999 _c60911
_d60911
005 20231116114710.0
008 231116s1980 ru ||||| |||| 00| 0 rus d
041 _arus
080 _a902.6 Б-87
100 _aБрашинский, И.Б.
_920417
245 _aГреческий керамический импорт на нижнем Дону в V-III вв. до н.э.
_cИ.Б. Брашинский; Академия наук СССР институт археологии.
264 _aЛенинград :
_bНаука,
_c1980.
300 _a267 с.:
_bил.;
_c22 см.
653 _aბერძნული კერამიკის იმპორტი ქვედა დონზე
942 _2udc
_cᲬᲘᲒᲜᲘ